000 00907nam a22002417a 4500
001 3515
003 FISKH
005 20240315094226.0
008 240315b cb ||||| |||| 00| 0 eng d
040 _aFISK
_beng
_cFISK
_dFISK
050 _aPZ7.K1166
082 _a813.54
100 _aKadohata Cynthia
_d1956-
245 _aWeedflower /
_cCynthia Kadohata
260 _aNew York :
_bScholastic,
_c2006
300 _a260 pages :
_c20 cm
505 _aM
520 _aAfter twelve-year-old Sumiko and her Japanese-American family are relocated from their flower farm in southern California to an internment camp on a Mojave Indian reservation in Arizona, she helps her family and neighbors, becomes friends with a local Indian boy, and tries to hold on to her dream of owning a flower shop.
521 8 _a750
_bLexile
700 _aCynthia Kadohata
942 _2ddc
_cBK
_n0
999 _c3515
_d3515